00677nam a2200229 a 450000100060000000300080000600500170001400800410003102000120007203500190008404000230010304100080012608200270013410000250016124500570018625000120024326000500025530000270030550000250033265000260035771000640038346513BD-RjUL20211209054149.0160802s1965 pk 001 0 eng  cRs25.00 a(BD-RjUL)46632 aDLCcDLCdDLCbeng aeng00a346.54910435bKHE 19651 aKhan, Muhammad Iqbal14aThe Easements act (v of 1882) /cMuhammad Iqbal Khan a2nd ed. aLahore :bAll Pakistan Legal Decisions,c1965 aviii, 127 p. ;c23 cm. aIncludes commentary. 0aServitudeszPakistan.12aPakistan.kLaws, statutes, etc.tEasements act, 1882. 1978.